| 000 | 00439nam a2200181Ia 4500 | ||
|---|---|---|---|
| 008 | 151119s9999||||xx |||||||||||||| ||und|| | ||
| 082 | _bGKKV33412 | ||
| 100 | _aSWAMI CHINMAYANANDA | ||
| 245 | _aFIRGIVE ME | ||
| 260 | _aMumbai | ||
| 260 | _bCentral Chinmaya Mission Trust | ||
| 260 | _c1982 | ||
| 600 | _aSWAMI CHINMAYANANDA | ||
| 630 | _aFIRGIVE ME | ||
| 700 | _aSWAMI CHINMAYANANDA | ||
| 730 | _aFIRGIVE ME | ||
| 942 | _cBOOK | ||
| 999 |
_c1085708 _d1085705 |
||